[Event "Polfinal Mistrzostw Polski Niewidomych i Slabowidzacych w szachach"]
[Site "Wagrowiec"]
[Date "1899-12-30"]
[Round "3.13"]
[White "Dziobek, Jerzy"]
[Black "Gryglewicz, Tadeusz"]
[Result "1/2-1/2"]
[WhiteTitle "I"]
[BlackTitle "II+"]
[WhiteElo "1731"]
[BlackElo "1623"]

1. d4 d5 2. Nf3 g6 3. c3 Bg7 4. Nbd2 Nf6 5. e3 Nc6 6. Bd3 a6 7. h3 Nd7 8. O-O e5
9. dxe5 Ncxe5 10. Nxe5 Nxe5 11. Nf3 c6 12. e4 Be6 13. exd5 Qxd5 14. Be2 Rd8 15.
Qxd5 Rxd5 16. g3 Nxf3+ 17. Bxf3 Rf5 18. Be3 O-O 19. Bg4 Rb5 20. Bxe6 fxe6 21.
Rab1 Rd8 22. Rfe1 Rbd5 23. Kg2 h5 24. Re2 Rd1 25. Rxd1 Rxd1 26. Rd2 Rxd2 27. Bxd2
e5 28. Kf3 Kf7 29. Ke4 Ke6 1/2-1/2

[Event "Polfinal Mistrzostw Polski Niewidomych i Slabowidzacych w szachach"]
[Site "Wagrowiec"]
[Date "1899-12-30"]
[Round "3.14"]
[White "Bzowski, Grzegorz"]
[Black "Salamon, Jan"]
[Result "0-1"]
[WhiteTitle "II+"]
[BlackTitle "I"]
[WhiteElo "1614"]
[BlackElo "1731"]

1. d4 d5 2. c4 e6 3. Nc3 Nf6 4. Bg5 Be7 5. cxd5 exd5 6. e3 c6 7. Bd3 Nbd7 8. Qc2
O-O 9. Nf3 Re8 10. O-O Nf8 11. Bxf6 Bxf6 12. b4 a6 13. a4 Bg4 14. Bxh7+ Nxh7 0-1

[Event "Polfinal Mistrzostw Polski Niewidomych i Slabowidzacych w szachach"]
[Site "Wagrowiec"]
[Date "1899-12-30"]
[Round "3.15"]
[White "Wegner, Wieslaw"]
[Black "Kopiec, Miroslaw"]
[Result "0-1"]
[WhiteTitle "II"]
[BlackTitle "II+"]
[WhiteElo "1610"]
[BlackElo "1722"]

1. d4 d5 2. c4 Nf6 3. Nc3 e6 4. e3 c5 5. Nf3 Nc6 6. Bd3 Bd6 7. O-O a6 8. a3 Qc7
9. g3 h5 10. Re1 Bd7 11. e4 dxe4 12. Nxe4 Nxe4 13. Bxe4 f5 14. Bxc6 bxc6 15. Ne5
Bxe5 16. dxe5 O-O-O 17. Qa4 Kb7 18. b4 h4 19. Bf4 hxg3 20. fxg3 Rhg8 21. bxc5
g5 22. Reb1+ Ka7 23. Rb6 Qc8 24. Rab1 gxf4 25. Rb7+ Qxb7 26. Rxb7+ Kxb7 27. Kg2
fxg3 28. hxg3 f4 29. Qd1 Rxg3+ 30. Kf2 0-1

[Event "Polfinal Mistrzostw Polski Niewidomych i Slabowidzacych w szachach"]
[Site "Wagrowiec"]
[Date "1899-12-30"]
[Round "3.16"]
[White "Jagiela, Andrzej"]
[Black "Binkowski, Kazimierz"]
[Result "1-0"]
[WhiteTitle "I"]
[BlackTitle "II"]
[WhiteElo "1716"]
[BlackElo "1578"]

1. e4 e5 2. Nf3 d6 3. Bc4 h6 4. Nc3 Nf6 5. d3 Bd7 6. h3 Be7 7. O-O O-O 8. Nh2 c6
9. a3 b5 10. Bb3 a5 11. f4 a4 12. Ba2 Be6 13. Bxe6 fxe6 14. fxe5 dxe5 15. Be3
Na6 16. Ng4 Qc7 17. Nxf6+ Bxf6 18. Qg4 Kh8 19. Qxe6 Qc8 20. Qxc8 Raxc8 21. Rf5
Nb8 22. Raf1 Nd7 23. Nd1 Be7 24. Rxf8+ Rxf8 25. Rxf8+ Bxf8 26. Nf2 g5 27. Ng4
Kh7 28. Kf2 Kg6 29. Kf3 h5 30. Nf2 c5 31. Nd1 b4 32. axb4 cxb4 33. Bd2 Nb8 34.
Ne3 Nc6 35. Ke2 Nd4+ 36. Kd1 Nb5 1-0

[Event "Polfinal Mistrzostw Polski Niewidomych i Slabowidzacych w szachach"]
[Site "Wagrowiec"]
[Date "1899-12-30"]
[Round "3.18"]
[White "Szydlowski, Wiktor"]
[Black "Malcer, Joanna"]
[Result "1/2-1/2"]
[WhiteTitle "I"]
[BlackTitle "I"]
[WhiteElo "1693"]
[BlackElo "1503"]

1. e4 e5 2. Nf3 d6 3. d4 exd4 4. Bc4 Be7 5. c3 Nf6 6. Qb3 O-O 7. e5 Ne4 8. cxd4
Nc6 9. Bd3 Ng5 10. Nxg5 Bxg5 11. f4 Be7 12. d5 Nd4 13. Qc4 dxe5 14. fxe5 Nf5 15.
O-O g6 16. Nc3 a6 17. Bd2 b5 18. Qe4 Rb8 19. a3 Bg5 20. Bxg5 Qxg5 21. Rae1 Qh4
22. Rf4 Qg5 23. Rg4 Qd2 24. Re2 Qc1+ 25. Kf2 Qh6 26. h3 Kh8 27. Kg1 Rg8 28. e6
fxe6 29. dxe6 Re8 30. Qe5+ Qg7 1/2-1/2

[Event "Polfinal Mistrzostw Polski Niewidomych i Slabowidzacych w szachach"]
[Site "Wagrowiec"]
[Date "1899-12-30"]
[Round "3.20"]
[White "Zelajtys, Jozef"]
[Black "Spionkowski, Fabian"]
[Result "0-1"]
[WhiteTitle "I"]
[BlackTitle "II"]
[WhiteElo "1682"]
[BlackElo "1233"]

1. e4 d6 2. d4 Nf6 3. Bd3 g6 4. Ne2 Bg7 5. f3 O-O 6. Be3 e5 7. d5 c6 8. c4 cxd5
9. cxd5 Nbd7 10. Nbc3 b6 11. Rc1 Nc5 12. Bb1 Ba6 13. b4 Ncd7 14. b5 Bb7 15. O-O
a6 16. Qd2 axb5 17. Nxb5 Ba6 18. Nxd6 b5 19. Qb4 Qe7 20. a3 Rab8 21. Nc3 Ne8 22.
Nxe8 Rfxe8 23. Bd3 Qxb4 24. axb4 Bf8 25. Rb1 Rec8 26. Rfc1 Nb6 27. Bxb5 Bxb5 28.
Nxb5 Rxc1+ 29. Bxc1 Nc4 30. Na7 Bc5+ 31. Kf1 Bxa7 32. Ke2 Bc5 33. Kd3 Nd6 34.
Bd2 Nb7 35. bxc5 Nxc5+ 36. Kc2 Rxb1 37. Kxb1 Kg7 38. Kc2 f5 39. Be3 Nd7 40. Kd3
f4 41. Ba7 h5 42. Kc4 Kf7 43. Bc5 Ke8 44. Bd6 g5 45. Kb5 g4 46. Kc6 h4 47. fxg4
h3 48. gxh3 f3 49. Bc5 Nxc5 50. Kxc5 f2 51. Kd6 f1=Q 52. Kxe5 Qxh3 53. d6 Qxh2+
54. Ke6 Qh6+ 55. Kd5 Qg5+ 56. e5 Qxg4 57. Kc6 Qe6 0-1

[Event "Polfinal Mistrzostw Polski Niewidomych i Slabowidzacych w szachach"]
[Site "Wagrowiec"]
[Date "1899-12-30"]
[Round "3.21"]
[White "Baryla, Damian"]
[Black "Wyrzykowski, Jozef"]
[Result "0-1"]
[WhiteTitle "II"]
[BlackTitle "I"]
[WhiteElo "1781"]
[BlackElo "1600"]

1. e4 e5 2. Nf3 Nc6 3. Bc4 Be7 4. Nc3 Nf6 5. d3 O-O 6. O-O d6 7. h3 Na5 8. Bb3
b6 9. Nd5 Nxd5 10. Bxd5 c6 11. Bb3 Nxb3 12. axb3 c5 13. Nh2 a5 14. c4 Bg5 15.
f4 exf4 16. Bxf4 Bxf4 17. Rxf4 Qg5 18. Qf3 Bxh3 19. Rf1 Be6 20. Ng4 h5 21. Nf2
f6 22. Nh3 Qg6 23. Rh4 Bg4 24. Nf4 Qg5 25. Qg3 g6 26. Nh3 Bxh3 27. Qxh3 Rf7 28.
Rf3 Qc1+ 29. Kh2 Qxb2 30. Rg3 Qe5 31. Rxh5 f5 32. Rxf5 Rxf5 33. Qxf5 Qxg3+ 34.
Kxg3 gxf5 35. exf5 Kf7 36. Kf4 Kf6 0-1

[Event "Polfinal Mistrzostw Polski Niewidomych i Slabowidzacych w szachach"]
[Site "Wagrowiec"]
[Date "1899-12-30"]
[Round "3.22"]
[White "Jagiello, Adolf"]
[Black "Pawlik, Tomasz"]
[Result "0-1"]
[WhiteTitle "II"]
[BlackTitle "II+"]
[WhiteElo "1233"]
[BlackElo "1648"]

1. e4 e5 2. Nf3 Nc6 3. Bc4 Bc5 4. a3 a6 5. b4 Bb6 6. c3 Nf6 7. d3 d6 8. Bg5 O-O
9. h3 Be6 10. Nbd2 h6 11. Bxf6 Qxf6 12. g3 Rad8 13. Bb3 Bxb3 14. Qxb3 Ne7 15.
Rf1 c6 16. O-O-O d5 17. Rde1 Bc7 18. Qd1 a5 19. Qb3 axb4 20. cxb4 b5 21. Qd1 Ra8
22. Kb2 0-1

[Event "Polfinal Mistrzostw Polski Niewidomych i Slabowidzacych w szachach"]
[Site "Wagrowiec"]
[Date "1899-12-30"]
[Round "3.24"]
[White "Tyszkiewicz, Adam"]
[Black "Jagiello, Jerzy"]
[Result "1-0"]
[WhiteTitle "II"]
[BlackTitle "II"]
[WhiteElo "1396"]
[BlackElo "1601"]

1. e4 c5 2. Nf3 Nc6 3. Nc3 g6 4. Bc4 e6 5. O-O Bg7 6. a3 a6 7. Re1 Ne5 8. Nxe5
Bxe5 9. g3 b5 10. Be2 Bb7 11. Bf3 Ne7 12. b4 c4 13. Bb2 O-O 14. Rb1 d5 15. exd5
Bxc3 16. Bxc3 Nxd5 17. Be5 f6 18. Bb2 e5 19. d4 cxd3 20. Qxd3 Qd7 21. Rbd1 Rad8
22. Qb3 Qf7 23. Re2 Rd7 24. Red2 Rfd8 25. c4 bxc4 26. Qxc4 Kg7 27. Qb3 Qe6 28.
b5 axb5 29. Qxb5 e4 30. Re1 Nb6 31. Rxd7+ Rxd7 32. Bg2 Rd5 33. Qb3 Qd6 34. Bxe4
1-0

[Event "Polfinal Mistrzostw Polski Niewidomych i Slabowidzacych w szachach"]
[Site "Wagrowiec"]
[Date "1899-12-30"]
[Round "3.26"]
[White "Bialas, Stanislaw"]
[Black "Lazuka, Jan"]
[Result "1-0"]
[WhiteTitle "II"]
[BlackTitle "III"]
[WhiteElo "1409"]
[BlackElo "1264"]

1. e4 e5 2. Nf3 Nc6 3. d4 exd4 4. Nxd4 Nxd4 5. Qxd4 h6 6. Bc4 Qe7 7. O-O Qc5 8.
Qc3 Qe7 9. Be3 d6 10. Bd4 f6 11. Nd2 Bd7 12. Nf3 O-O-O 13. Rfe1 Be6 14. Bxe6+
Qxe6 15. Bxa7 Ne7 16. Nd4 Qd7 17. a4 Nc6 18. Nxc6 Qxc6 19. Qxc6 bxc6 20. Be3 g6
21. a5 Bg7 22. Ra2 Kb8 23. Rb1 Rhe8 24. a6 Rxe4 25. a7+ Ka8 26. b4 f5 27. b5 1-0

[Event "Polfinal Mistrzostw Polski Niewidomych i Slabowidzacych w szachach"]
[Site "Wagrowiec"]
[Date "1899-12-30"]
[Round "4.1"]
[White "Wodas, Pawel"]
[Black "Zoltek, Tadeusz"]
[Result "0-1"]
[WhiteTitle "I"]
[BlackTitle "FM"]
[WhiteElo "1799"]
[BlackElo "2091"]

1. Nf3 d5 2. d4 Nf6 3. c4 e6 4. Nc3 Be7 5. Bf4 O-O 6. h3 c5 7. dxc5 Bxc5 8. cxd5
Qb6 9. e3 Qxb2 10. Rc1 Bb4 11. Qd2 Bxc3 12. Rxc3 Qxd2+ 13. Nxd2 Nxd5 14. Rc4 Nxf4
15. Rxf4 Bd7 16. Be2 Bc6 17. O-O Nd7 18. Nb3 Bd5 19. Rd1 Nf6 20. f3 Bxb3 21. axb3
Nd5 22. Rc4 Nxe3 0-1

[Event "Polfinal Mistrzostw Polski Niewidomych i Slabowidzacych w szachach"]
[Site "Wagrowiec"]
[Date "1899-12-30"]
[Round "4.2"]
[White "Rutkowski, Jerzy"]
[Black "Pociejowski, Marek"]
[Result "0-1"]
[WhiteTitle "I+"]
[BlackTitle "I++"]
[WhiteElo "2031"]
[BlackElo "1865"]

1. e4 Nf6 2. Nc3 d5 3. exd5 Nxd5 4. d4 Bf5 5. Bc4 e6 6. Nxd5 exd5 7. Bd3 Bg6 8.
Bxg6 hxg6 9. Nf3 Nc6 10. Bg5 f6 11. Be3 Kf7 12. c3 Qd7 13. Qb3 Na5 14. Qb5 Qxb5
0-1

[Event "Polfinal Mistrzostw Polski Niewidomych i Slabowidzacych w szachach"]
[Site "Wagrowiec"]
[Date "1899-12-30"]
[Round "4.3"]
[White "Kulpinski, Piotr"]
[Black "Pawelec, Bartosz"]
[Result "1/2-1/2"]
[WhiteTitle "I++"]
[BlackTitle "k"]
[WhiteElo "1860"]
[BlackElo "2010"]

1. Nf3 d5 2. d4 b5 3. Bf4 Bb7 4. e3 a6 5. Bd3 e6 6. Nbd2 Nf6 7. O-O Bd6 8. Bg5
Be7 9. c3 O-O 10. Nb3 Ne4 11. Bxe7 Qxe7 12. Nbd2 Nxd2 13. Qxd2 Nd7 14. Rfe1 Nf6
15. Ne5 Nd7 16. Nxd7 Qxd7 17. e4 dxe4 18. Bxe4 Bxe4 19. Rxe4 c5 20. Rd1 Qc6 21.
d5 exd5 22. Qxd5 Qxd5 23. Rxd5 Rfd8 24. Rxd8+ Rxd8 25. Kf1 Kf8 26. Ke2 f6 27.
f3 Kf7 28. a3 Rd7 29. Re3 Rd5 30. Re4 Rd7 31. Re3 Rd5 32. Re4 Rd7 1/2-1/2

[Event "Polfinal Mistrzostw Polski Niewidomych i Slabowidzacych w szachach"]
[Site "Wagrowiec"]
[Date "1899-12-30"]
[Round "4.4"]
[White "Migala, Andrzej"]
[Black "Sargalski, Andrzej"]
[Result "1-0"]
[WhiteTitle "k"]
[BlackTitle "I++"]
[WhiteElo "2002"]
[BlackElo "1840"]

1. e4 d5 2. exd5 Nf6 3. Bb5+ Bd7 4. Bc4 b5 5. Bb3 c6 6. dxc6 Bxc6 7. Nf3 e6 8.
d4 Bd6 9. Bg5 Nbd7 10. Bh4 Rc8 11. Nbd2 Qa5 12. O-O O-O 13. a4 bxa4 14. Nc4 Qb4
15. Nxd6 Qxd6 16. Bxa4 Bxa4 17. Rxa4 Qb6 18. b3 Nd5 19. Qd2 Rc3 20. Rfa1 Rfc8
21. Ne1 Nb4 22. Rxa7 Nxc2 23. Nxc2 Rxc2 24. Ra8 Rxd2 25. Rxc8+ Nf8 26. Rxf8+ Kxf8
27. Ra8+ 1-0

[Event "Polfinal Mistrzostw Polski Niewidomych i Slabowidzacych w szachach"]
[Site "Wagrowiec"]
[Date "1899-12-30"]
[Round "4.5"]
[White "Debowska, Teresa"]
[Black "Stolarczyk, Anna"]
[Result "1/2-1/2"]
[WhiteTitle "WFM"]
[BlackTitle "WCM"]
[WhiteElo "1730"]
[BlackElo "1934"]

1. e4 c5 2. d3 Nc6 3. g3 g6 4. Bg2 Bg7 5. c3 d6 6. f4 Rb8 7. Ne2 e5 8. O-O Nge7
9. Be3 b6 10. Nd2 Bb7 11. Nf3 O-O 12. h3 d5 13. fxe5 dxe4 14. dxe4 Nxe5 15. Nxe5
Bxe5 16. Qc2 Qc7 17. Bf4 Rbd8 18. Rad1 Bc8 19. Bh6 Rfe8 20. Nf4 c4 21. Qf2 Rxd1
22. Rxd1 Rd8 23. Rxd8+ Qxd8 24. Nd5 Nxd5 25. exd5 Qd6 26. Kh2 f6 27. Be3 Bb7 28.
Qf3 h5 29. Bf2 f5 30. Kg1 a6 31. g4 hxg4 32. hxg4 Bc8 33. g5 1/2-1/2

[Event "Polfinal Mistrzostw Polski Niewidomych i Slabowidzacych w szachach"]
[Site "Wagrowiec"]
[Date "1899-12-30"]
[Round "4.6"]
[White "Urbaniak, Karol"]
[Black "Wolanski, Michal"]
[Result "0-1"]
[WhiteTitle "I"]
[BlackTitle "I++"]
[WhiteElo "1592"]
[BlackElo "1903"]

1. e4 c5 2. Nc3 Nc6 3. g3 g6 4. Bg2 Bg7 5. d3 d6 6. Be3 e5 7. Qd2 Nge7 8. Nge2
O-O 9. Bh6 Bxh6 10. Qxh6 f6 11. h4 Kh8 12. O-O-O Be6 13. Qd2 Qa5 14. f4 Rg8 15.
h5 g5 16. fxg5 fxg5 17. h6 b5 18. Rh5 b4 19. Nb1 g4 20. Rf1 Raf8 21. Rxf8 Rxf8
22. Qg5 Ng6 23. Rh1 Qd8 24. Qe3 Bxa2 25. b3 Bxb1 26. Kxb1 Rf6 27. Rf1 Rxf1+ 28.
Bxf1 Qf6 29. Bg2 Nf8 30. c3 Ne6 31. cxb4 Nxb4 32. Nc3 Nd4 33. Kb2 Qf7 34. Nd5
Nxd5 35. exd5 Qb7 36. Kc1 Qxb3 37. Qd2 a5 38. Qb2 a4 0-1

[Event "Polfinal Mistrzostw Polski Niewidomych i Slabowidzacych w szachach"]
[Site "Wagrowiec"]
[Date "1899-12-30"]
[Round "4.7"]
[White "Kowalczyk, Marian"]
[Black "Jagiela, Andrzej"]
[Result "1/2-1/2"]
[WhiteTitle "I++"]
[BlackTitle "I"]
[WhiteElo "1920"]
[BlackElo "1716"]

1. e4 e5 2. Nf3 Nc6 3. c3 d6 4. d4 exd4 5. cxd4 Nf6 6. Nc3 Be7 7. h3 h6 8. Bc4
O-O 9. O-O a6 10. a4 Bd7 11. Bf4 Nh7 12. d5 Na7 13. Re1 Bf6 14. e5 dxe5 15. Nxe5
Nc8 16. Rc1 Nd6 17. Bd3 Bf5 18. Bxf5 Nxf5 19. Ne4 Nd6 20. f3 Re8 21. Nxf6+ Nxf6
22. Qd3 Nd7 23. Qc3 Nxe5 24. Bxe5 f6 25. Bf4 Rxe1+ 26. Qxe1 b5 27. Qe6+ Kh7 28.
Rc6 bxa4 29. Bxd6 cxd6 30. Rxd6 Qa5 31. Rd7 Qc5+ 32. Kh2 Kh8 33. Qc6 Qf8 34. d6
Qe8 35. f4 a5 36. Qb7 Rb8 37. Re7 Rxb7 38. Rxe8+ Kh7 39. Re7 Rxb2 40. Ra7 1/2-1/2

[Event "Polfinal Mistrzostw Polski Niewidomych i Slabowidzacych w szachach"]
[Site "Wagrowiec"]
[Date "1899-12-30"]
[Round "4.8"]
[White "Grzywacz, Ryszard"]
[Black "Staruch, Roman"]
[Result "0-1"]
[WhiteTitle "I"]
[BlackTitle "I++"]
[WhiteElo "1705"]
[BlackElo "1875"]

1. e4 e5 2. Nf3 Nc6 3. Nc3 d6 4. Bb5 a6 5. Ba4 Bg4 6. h3 Bh5 7. g4 Bg6 8. d3 Nf6
9. Bg5 Be7 10. Qd2 b5 11. Bb3 Na5 12. Bxf6 Nxb3 13. axb3 Bxf6 14. h4 h6 15. h5
Bh7 16. Ke2 c6 17. Ra2 Bg5 18. Nxg5 hxg5 19. h6 g6 20. Rha1 O-O 21. Nd1 f5 0-1

[Event "Polfinal Mistrzostw Polski Niewidomych i Slabowidzacych w szachach"]
[Site "Wagrowiec"]
[Date "1899-12-30"]
[Round "4.9"]
[White "Niecko, Stanislaw"]
[Black "Kaciotys, Mieczyslaw"]
[Result "1-0"]
[WhiteTitle "I+"]
[BlackTitle "II+"]
[WhiteElo "1753"]
[BlackElo "1689"]

1. e4 e5 2. Nf3 Nc6 3. c3 Nf6 4. d4 exd4 5. e5 Qe7 6. cxd4 h6 7. Nc3 d6 8. Bb5
a6 9. Bxc6+ bxc6 10. O-O Nh7 11. exd6 cxd6 12. Re1 Be6 13. d5 cxd5 14. Nxd5 Qb7
15. Qa4+ Kd8 16. Qa5+ Kc8 17. Nb6+ Kb8 18. Nxa8 Kxa8 19. Nd4 Qc8 20. Bf4 Be7 21.
Rac1 Qb7 22. Rc7 Bd8 23. Rec1 g5 24. Nxe6 fxe6 25. Rc8+ Ka7 26. Be3+ Bb6 27. Bxb6+
Qxb6 28. R1c7+ 1-0

[Event "Polfinal Mistrzostw Polski Niewidomych i Slabowidzacych w szachach"]
[Site "Wagrowiec"]
[Date "1899-12-30"]
[Round "4.11"]
[White "Kopiec, Miroslaw"]
[Black "Spionkowski, Fabian"]
[Result "1-0"]
[WhiteTitle "II+"]
[BlackTitle "II"]
[WhiteElo "1722"]
[BlackElo "1233"]

1. e4 d6 2. Nf3 Nf6 3. Nc3 g6 4. d3 Bg7 5. Bd2 Nc6 6. Be2 Bg4 7. Qc1 Qd7 8. h3
Bxf3 9. Bxf3 e5 10. Bh6 Bxh6 11. Qxh6 Qe7 12. a3 Nd4 13. O-O-O Nxf3 14. gxf3 O-O-O
15. f4 a6 16. fxe5 dxe5 17. f4 exf4 18. Qxf4 Nh5 19. Qg4+ Kb8 20. Rhf1 Rd4 21.
Qf3 Qg5+ 22. Kb1 f5 23. Ne2 Rd6 24. exf5 Rb6 25. Ka1 Qf6 26. Rb1 Re8 27. Nc3 Rxb2
28. Rxb2 1-0

[Event "Polfinal Mistrzostw Polski Niewidomych i Slabowidzacych w szachach"]
[Site "Wagrowiec"]
[Date "1899-12-30"]
[Round "4.12"]
[White "Traczyk, Tadeusz"]
[Black "Pawlik, Tomasz"]
[Result "1/2-1/2"]
[WhiteTitle "I"]
[BlackTitle "II+"]
[WhiteElo "1809"]
[BlackElo "1648"]

1. e4 e5 2. d4 exd4 3. Qxd4 Nc6 4. Qe3 Nf6 5. Nc3 Bb4 6. Bd2 O-O 7. Bc4 Na5 8.
Be2 Re8 9. O-O-O d5 10. Nxd5 Nxd5 11. Qd3 Nf6 12. Bxb4 Qxd3 13. Bxd3 Nc6 14. Be1
Nxe4 15. f3 Nc5 16. Bb5 Ne6 17. Bg3 a6 18. Bc4 Ncd8 19. Nh3 b5 20. Bd5 Bb7 21.
Bxe6 Nxe6 22. Nf4 c5 23. Rd7 Bc6 24. Rd6 Nxf4 25. Bxf4 Re6 26. Rhd1 Rxd6 27. Rxd6
Rc8 28. Be3 c4 29. c3 h6 30. Kd2 Kh7 31. Bd4 1/2-1/2

[Event "Polfinal Mistrzostw Polski Niewidomych i Slabowidzacych w szachach"]
[Site "Wagrowiec"]
[Date "1899-12-30"]
[Round "4.13"]
[White "Barnowski, Sylwester"]
[Black "Zarow, Zdzislaw"]
[Result "1/2-1/2"]
[WhiteTitle "I"]
[BlackTitle "I"]
[WhiteElo "1790"]
[BlackElo "1639"]

1. f4 Nf6 2. Nf3 d5 3. e3 e6 4. d4 Bd6 5. Bd3 Nbd7 6. O-O O-O 7. Kh1 Kh8 8. Kg1
Kg8 9. Kh1 Kh8 10. Kg1 Kg8 11. Kh1 Kh8 12. Kg1 Kg8 1/2-1/2

[Event "Polfinal Mistrzostw Polski Niewidomych i Slabowidzacych w szachach"]
[Site "Wagrowiec"]
[Date "1899-12-30"]
[Round "4.14"]
[White "Gryglewicz, Tadeusz"]
[Black "Huzarski, Stanislaw"]
[Result "1/2-1/2"]
[WhiteTitle "II+"]
[BlackTitle "I"]
[WhiteElo "1623"]
[BlackElo "1753"]

1. Nf3 Nf6 2. d4 d5 3. g3 c6 4. Bg2 e6 5. Nbd2 Bd6 6. c4 b6 7. Qc2 Nbd7 8. e4 dxe4
9. Nxe4 Bb4+ 10. Bd2 Bxd2+ 11. Nfxd2 Qc7 12. O-O Bb7 13. c5 O-O 14. Nd6 Nd5 15.
a3 Rad8 16. Rfe1 e5 17. N2c4 exd4 18. Be4 N5f6 19. Nxb7 Qxb7 20. Nd6 Qc7 21. b4
bxc5 22. bxc5 Nxc5 23. Qxc5 Rxd6 24. Bf3 Rfd8 25. Rac1 Nd7 26. Qc2 c5 27. Rb1
Nb6 28. a4 c4 29. a5 d3 30. Qc3 Nd5 31. Qe5 Re6 32. Qxc7 Rxe1+ 33. Rxe1 Nxc7 1/2-1/2

[Event "Polfinal Mistrzostw Polski Niewidomych i Slabowidzacych w szachach"]
[Site "Wagrowiec"]
[Date "1899-12-30"]
[Round "4.15"]
[White "Mettel, Werner"]
[Black "Miodonski, Miroslaw"]
[Result "0-1"]
[WhiteTitle "I"]
[BlackTitle "II"]
[WhiteElo "1742"]
[BlackElo "1384"]

1. e4 Nf6 2. Nc3 e5 3. Nf3 Nc6 4. Bc4 Nxe4 5. Nxe4 d5 6. Bxd5 Qxd5 7. d3 Bb4+ 8.
c3 Be7 9. h3 Bf5 10. c4 Qd7 11. O-O O-O-O 12. Qc2 Qxd3 13. Qxd3 Rxd3 14. Ng3 Be6
15. b3 g6 16. Be3 Rhd8 17. Ne1 Rd1 18. Rxd1 Rxd1 19. Nf3 Rxf1+ 20. Kxf1 b6 21.
Ke2 Nb4 22. a3 Nc2 23. a4 Na1 24. Nd2 Bb4 25. Ngf1 Nxb3 0-1

[Event "Polfinal Mistrzostw Polski Niewidomych i Slabowidzacych w szachach"]
[Site "Wagrowiec"]
[Date "1899-12-30"]
[Round "4.16"]
[White "Malcer, Joanna"]
[Black "Dziobek, Jerzy"]
[Result "1/2-1/2"]
[WhiteTitle "I"]
[BlackTitle "I"]
[WhiteElo "1503"]
[BlackElo "1731"]

1. e4 c5 2. Nf3 d6 3. d4 cxd4 4. Nxd4 Nc6 5. Nc3 Bd7 6. Be3 Nf6 7. Be2 a6 8. O-O
e6 9. f4 Qc7 10. Nf3 Be7 11. Qd2 O-O 12. Rad1 Rad8 13. Qc1 Ng4 14. Kh1 Nxe3 15.
Qxe3 b5 16. a3 Qa7 17. Qxa7 Nxa7 18. Bd3 Bc8 19. Ra1 Bf6 20. e5 dxe5 21. fxe5
Be7 22. Be4 Rd7 23. Rad1 Rfd8 24. Rxd7 Rxd7 25. Rd1 Rxd1+ 26. Nxd1 Bd7 27. Nf2
Bc6 28. Bxc6 Nxc6 29. Nd3 h6 30. Kg1 Kf8 1/2-1/2

[Event "Polfinal Mistrzostw Polski Niewidomych i Slabowidzacych w szachach"]
[Site "Wagrowiec"]
[Date "1899-12-30"]
[Round "4.17"]
[White "Wyrzykowski, Jozef"]
[Black "Szydlowski, Wiktor"]
[Result "1/2-1/2"]
[WhiteTitle "I"]
[BlackTitle "I"]
[WhiteElo "1600"]
[BlackElo "1693"]

1. c4 e5 2. Nc3 Bc5 3. Nf3 d6 4. Na4 e4 5. Ng1 Bd4 6. e3 Be5 7. d4 exd3 8. Bxd3
g6 9. Bd2 Nc6 10. Bc3 Qg5 11. g3 Bg4 12. Be2 h5 13. h4 Bxe2 14. Qxe2 Qf5 15. Nf3
Nf6 16. Nxe5 Nxe5 17. Bxe5 Qxe5 18. Nc3 a6 19. Qf3 Rb8 20. Nd5 Nxd5 21. Qxd5 Qxd5
22. cxd5 f5 23. O-O Kd7 24. b3 Rhe8 25. Rac1 Re4 26. Rc4 Rxc4 27. bxc4 Re8 28.
Rd1 b6 29. Rd4 Re5 30. Kf1 Re7 1/2-1/2

[Event "Polfinal Mistrzostw Polski Niewidomych i Slabowidzacych w szachach"]
[Site "Wagrowiec"]
[Date "1899-12-30"]
[Round "4.18"]
[White "Filipiak, Rajmund"]
[Black "Tyszkiewicz, Adam"]
[Result "1-0"]
[WhiteTitle "II+"]
[BlackTitle "II"]
[WhiteElo "1681"]
[BlackElo "1396"]

1. Nf3 Nf6 2. c4 d6 3. g3 e5 4. d3 Be7 5. Bg2 O-O 6. Nc3 a6 7. O-O c6 8. a4 Bf5
9. e4 Bg4 10. Qb3 Qd7 11. a5 Ra7 12. Na4 Bh3 13. Nb6 Qe6 14. Be3 Bxg2 15. Kxg2
Ng4 16. d4 Nxe3+ 17. Qxe3 Bd8 18. d5 cxd5 19. cxd5 Bxb6 20. axb6 Ra8 21. dxe6
1-0

[Event "Polfinal Mistrzostw Polski Niewidomych i Slabowidzacych w szachach"]
[Site "Wagrowiec"]
[Date "1899-12-30"]
[Round "4.19"]
[White "Skiera, Edward"]
[Black "Zelajtys, Jozef"]
[Result "0-1"]
[WhiteTitle "II"]
[BlackTitle "I"]
[WhiteElo "1421"]
[BlackElo "1682"]

1. d4 Nf6 2. c4 c6 3. Nc3 d5 4. e3 g6 5. Nf3 Bg7 6. cxd5 cxd5 7. g3 O-O 8. Bg2
b6 9. O-O Bb7 10. Bd2 Nc6 11. Rc1 e6 12. a3 Ba6 13. Re1 Na5 14. b3 Qd6 15. Nb1
Rfc8 16. Bxa5 bxa5 17. Qd2 Qb6 18. b4 axb4 19. Qxb4 Qxb4 20. axb4 Rcb8 21. Nbd2
Rxb4 22. Rc7 Ne8 23. Rc5 Bb5 24. Rec1 Nd6 25. Bf1 a5 26. Bxb5 Rxb5 27. Rc6 Bf8
28. Ne5 a4 29. Rb1 Rxb1+ 30. Nxb1 a3 31. Nxa3 Rxa3 32. Nd7 Be7 33. Kg2 Kg7 34.
Ne5 Ne4 0-1

[Event "Polfinal Mistrzostw Polski Niewidomych i Slabowidzacych w szachach"]
[Site "Wagrowiec"]
[Date "1899-12-30"]
[Round "4.20"]
[White "Kizym, Lukasz"]
[Black "Bialas, Stanislaw"]
[Result "1-0"]
[WhiteTitle "II"]
[BlackTitle "II"]
[WhiteElo "1665"]
[BlackElo "1409"]

1. e4 e5 2. Nf3 Nc6 3. Bb5 Nge7 4. c3 d6 5. d4 Bd7 6. dxe5 dxe5 7. O-O Bg4 8. Qxd8+
Rxd8 9. Nxe5 Bd7 10. Nf3 a6 11. Ba4 Bg4 12. Ne5 Bd7 13. Nxc6 Bxc6 14. Bxc6+ Nxc6
15. Bf4 Bd6 16. Bxd6 Rxd6 17. Na3 O-O 18. Nc4 Re6 19. f3 b5 20. Ne3 Ne7 21. g4
g6 22. Rfe1 Rd8 23. Rad1 Red6 24. Rxd6 Rxd6 25. Rd1 Rxd1+ 26. Nxd1 Kg7 27. b4
Kf6 28. Kf2 Ke5 29. Ke3 g5 30. Nf2 Nc6 31. Nd3+ Kd6 32. f4 f6 33. fxg5 fxg5 34.
Nc5 Nb8 35. Kf3 Kc6 36. Kg3 Kb6 37. h4 a5 38. a3 1-0

[Event "Polfinal Mistrzostw Polski Niewidomych i Slabowidzacych w szachach"]
[Site "Wagrowiec"]
[Date "1899-12-30"]
[Round "4.22"]
[White "Jakimczuk, Alicja"]
[Black "Wegner, Wieslaw"]
[Result "1-0"]
[WhiteTitle "I"]
[BlackTitle "II"]
[WhiteElo "1315"]
[BlackElo "1610"]

1. c4 g6 2. g3 Bg7 3. Bg2 Nf6 4. Nc3 a6 5. d4 e6 6. b3 d5 7. Bb2 Nc6 8. e3 Bd7
9. cxd5 exd5 10. Nxd5 O-O 11. Nc3 Re8 12. Nge2 Bf5 13. a3 Rb8 14. O-O Nh5 15.
Re1 Bf8 16. e4 Bc8 17. d5 Na7 18. Rc1 Bg7 19. Nd4 c6 20. Ba1 c5 21. Nf3 Bh6 22.
Rc2 f5 23. e5 f4 24. e6 Qd6 25. Ne4 Qe7 26. g4 Nf6 27. Nxf6+ Kf8 28. Nd7+ Bxd7
29. exd7 Qxd7 30. Ne5 Qd6 31. Nc4 Rxe1+ 32. Qxe1 Re8 33. Qxe8+ Kxe8 34. Nxd6+
Kd7 35. Nxb7 Bf8 36. h4 Kc7 37. Na5 Nb5 38. Be5+ Bd6 39. Bxd6+ Nxd6 40. Rxc5+
Kb6 41. b4 Nb5 42. Rc6+ Ka7 43. d6 Nd4 44. Rc7+ Kb6 45. Rb7# 1-0

[Event "Polfinal Mistrzostw Polski Niewidomych i Slabowidzacych w szachach"]
[Site "Wagrowiec"]
[Date "1899-12-30"]
[Round "4.23"]
[White "Binkowski, Kazimierz"]
[Black "Czarnecki, Zbigniew"]
[Result "1-0"]
[WhiteTitle "II"]
[BlackTitle "II"]
[WhiteElo "1578"]
[BlackElo "1296"]

1. c4 e6 2. d4 Nf6 3. Nc3 d5 4. c5 b6 5. b4 a5 6. Ba3 axb4 7. Bxb4 bxc5 8. Bxc5
Bxc5 9. dxc5 O-O 10. Nf3 c6 11. e3 Re8 12. Ne5 Nbd7 13. Nd3 Ba6 14. Be2 e5 15.
O-O e4 16. Nb4 Bxe2 17. Nxe2 h6 18. Nd4 Nb8 19. a4 Ra5 20. Rc1 Nfd7 21. f4 Rxc5
22. Rxc5 Nxc5 23. Qc2 Qb6 24. Rb1 Qa5 25. Nbxc6 Nxc6 26. Nxc6 1-0